I NOMI DEI RUOLI NEL CALCIO - Statistics

Statistiche generali
  • Questo quiz è stato fatto 683 volte
  • Il punteggio medio è 13 su 15
Statistiche sulle risposte
Hint Risposta % Corretto
POR portiere
97%
ATT attaccante/prima punta
95%
TS terzino sinistro
95%
TD terzino destro
94%
AD ala destra
93%
AS ala sinistra
93%
DC difensore centrale
93%
TRQ trequartista
92%
ED esterno destro
90%
ES esterno sinistro
90%
CC centrocampista centrale
88%
M mediano
88%
AT seconda punta
67%
CCD centrocampista centrale difensivo
63%
CCO centrocampista centrale offensivo
55%
Nessun quiz corrispondente trovato
Distribuzione punteggi
Percentuale di utenti per punteggio
Percentile per numero di risposta
I tuoi punteggi nel tempo
Non hai fatto questo quiz